000 00560nam a2200169Ia 4500
999 _c7217
_d7217
003 OSt
005 20200129125803.0
008 190216s9999||||xx |||||||||||||| ||und||
020 _a9788189886400
040 _coclc
082 _a332.170285
_bSUB/E
100 _aSubramani, N
_91565
245 0 _aE-Banking And E-Commerce Emerging Issues In India /
_cN Subramani ; M Murugesan ; D Anbalagan ; V Ganesan
260 _bAbhijeet Publications,
_c2008.
_aNew Delhi:
300 _a311p
942 _cBK
_2ddc
_h332.170285
_iSUB/E
_k332.170285
_mSUB/E